[Event "World Women-ch k.o."]
[Site "Khanty-Mansiysk"]
[Date "2018.11.13"]
[Round "4.2"]
[White "Muzychuk, Anna"]
[Black "Kosteniuk, Alexandra"]
[Result "1/2-1/2"]
[WhiteElo "2564"]
[BlackElo "2543"]
[PlyCount "51"]
[EventDate "2018.11.03"]
[EventType "k.o."]
[EventRounds "6"]
[EventCountry "RUS"]
[SourceTitle "CBM 187 Extra"]
[Source "ChessBase"]
[SourceDate "2018.11.04"]
[SourceVersion "1"]
[SourceVersionDate "2018.11.04"]
[SourceQuality "1"]

1. e4 e5 2. Nf3 Nc6 3. Bb5 a6 4. Ba4 Nf6 5. O-O Be7 6. Re1 b5 7. Bb3 O-O 8. a4
b4 9. d4 d6 10. dxe5 Nxe5 11. Nxe5 dxe5 12. Qe2 Bc5 13. Be3 Bd4 14. Bxd4 Qxd4
15. Rd1 Bg4 16. Rxd4 Bxe2 17. Rd2 Rfd8 18. f3 Rxd2 19. Nxd2 Rd8 20. Nf1 Bxf1
21. Kxf1 a5 22. Ke2 Kf8 23. Rc1 Nd7 24. Bc4 c6 25. c3 b3 26. Rd1 1/2-1/2

[Event "World Women-ch k.o."]
[Site "Khanty-Mansiysk"]
[Date "2018.11.14"]
[Round "4.3"]
[White "Kosteniuk, Alexandra"]
[Black "Muzychuk, Anna"]
[Result "1-0"]
[WhiteElo "2543"]
[BlackElo "2564"]
[PlyCount "129"]
[EventDate "2018.11.03"]
[EventType "k.o."]
[EventRounds "6"]
[EventCountry "RUS"]
[SourceTitle "CBM 187 Extra"]
[Source "ChessBase"]
[SourceDate "2018.11.04"]
[SourceVersion "1"]
[SourceVersionDate "2018.11.04"]
[SourceQuality "1"]

1. e4 c5 2. Nf3 Nc6 3. d4 cxd4 4. Nxd4 Nf6 5. Nc3 e5 6. Ndb5 d6 7. Bg5 a6 8.
Na3 b5 9. Nd5 Be7 10. Bxf6 Bxf6 11. c3 Rb8 12. Nc2 Bg5 13. Be2 O-O 14. O-O Be6
15. Qd3 a5 16. Rfd1 Ne7 17. Nxe7+ Bxe7 18. Ne3 Qd7 19. Nd5 Rfd8 20. Qg3 Qa7 21.
Rd2 b4 22. Rad1 bxc3 23. Nxc3 h6 24. b3 Qc5 25. Na4 Qa7 26. Bg4 Qc7 27. Bxe6
fxe6 28. Qg4 Qc8 29. Rd3 d5 30. Qg6 Bf6 31. Rg3 Qc2 32. Rf1 Kh8 33. Qf7 d4 34.
Rh3 Rf8 35. Qxe6 d3 36. Qc4 Rbc8 37. Qxd3 Qxa2 38. Nb6 Rc2 39. Qd6 Be7 40. Qxe7
Rcxf2 41. Qxf8+ Rxf8 42. Rxf8+ Kh7 43. Rf1 Qc2 44. Kh1 Qxe4 45. Rg3 Qd4 46. Na4
h5 47. h3 e4 48. Re1 g6 49. Rge3 Qb4 50. Rc1 Qd2 51. Rce1 Qb4 52. Nb2 Kh6 53.
Nd1 a4 54. bxa4 Qxa4 55. Nf2 Qc2 56. Nxe4 Qa2 57. Kh2 Qa5 58. h4 Qe5+ 59. g3
Qb5 60. Ng5 Qf5 61. Nh3 Qg4 62. Nf4 g5 63. Re6+ Kh7 64. Re7+ Kg8 65. Rc7 1-0

[Event "World Women-ch k.o."]
[Site "Khanty-Mansiysk"]
[Date "2018.11.14"]
[Round "4.4"]
[White "Muzychuk, Anna"]
[Black "Kosteniuk, Alexandra"]
[Result "1/2-1/2"]
[WhiteElo "2564"]
[BlackElo "2543"]
[PlyCount "167"]
[EventDate "2018.11.03"]
[EventType "k.o."]
[EventRounds "6"]
[EventCountry "RUS"]
[SourceTitle "CBM 187 Extra"]
[Source "ChessBase"]
[SourceDate "2018.11.04"]
[SourceVersion "1"]
[SourceVersionDate "2018.11.04"]
[SourceQuality "1"]

1. f4 d5 2. Nf3 Nf6 3. g3 g6 4. Bg2 Bg7 5. O-O O-O 6. d3 Nc6 7. c3 d4 8. e4
dxe3 9. Bxe3 Nd5 10. Qe2 Nxe3 11. Qxe3 Bf5 12. d4 Qd7 13. Nbd2 Rad8 14. Nb3 b6
15. d5 Nb8 16. Ne5 Bxe5 17. fxe5 c5 18. Rf4 f6 19. e6 Qd6 20. Nd2 b5 21. a4 a6
22. c4 Qe5 23. Qxe5 fxe5 24. Rf2 Bxe6 25. axb5 Rxf2 26. Kxf2 axb5 27. Ra8 bxc4
28. Nxc4 Rf8+ 29. Ke3 Bf5 30. g4 Bxg4 31. Nxe5 Bf5 32. Ra7 Re8 33. Bf1 Kf8 34.
Bb5 Rd8 35. Rb7 Bh3 36. Kf4 Bf5 37. h4 Bh3 38. Kg5 Rxd5 39. Rxb8+ Kg7 40. Kf4
Rd4+ 41. Kg3 Be6 42. Rb6 Bf5 43. Bc6 Rd2 44. Nf3 Rd6 45. Ne5 Kf6 46. Nc4 Rd3+
47. Kf2 e6 48. Bf3 Rd4 49. Be2 Rxh4 50. Rc6 h5 51. Rxc5 Rh2+ 52. Ke1 h4 53. Ne3
h3 54. Nf1 Rg2 55. Rc8 Kg7 56. Rc7+ Kh6 57. Rc8 Kg7 58. Rc7+ Kh6 59. b4 h2 60.
Nxh2 Rxh2 61. b5 Rh1+ 62. Kd2 Rb1 63. Ke3 e5 64. Re7 Rb3+ 65. Kd2 Rb2+ 66. Ke3
Rb3+ 67. Kf2 e4 68. Bc4 Rb4 69. Rc7 Kg5 70. Ke3 Kf6 71. Kd2 Be6 72. Be2 Rb2+
73. Ke3 Ke5 74. Rc5+ Kd6 75. Rc6+ Ke5 76. Bf1 Rb3+ 77. Kd2 Rb2+ 78. Ke3 Rb3+
79. Kd2 Rb2+ 80. Kc3 Rb1 81. Rc5+ Kd6 82. Rc6+ Ke5 83. Rc5+ Kd6 84. Rc6+
1/2-1/2

[Event "World Women-ch k.o."]
[Site "Khanty-Mansiysk"]
[Date "2018.11.16"]
[Round "5.2"]
[White "Ju, Wenjun"]
[Black "Kosteniuk, Alexandra"]
[Result "1/2-1/2"]
[WhiteElo "2568"]
[BlackElo "2543"]
[PlyCount "144"]
[EventDate "2018.11.03"]
[EventType "k.o."]
[EventRounds "6"]
[EventCountry "RUS"]
[SourceTitle "CBM 187 Extra"]
[Source "ChessBase"]
[SourceDate "2018.11.04"]
[SourceVersion "1"]
[SourceVersionDate "2018.11.04"]
[SourceQuality "1"]

1. d4 Nf6 2. c4 c5 3. Nf3 cxd4 4. Nxd4 b6 5. Nc3 Bb7 6. f3 Nc6 7. e4 e6 8. Be3
Bb4 9. Be2 O-O 10. O-O Qb8 11. Nxc6 Bxc6 12. Qd3 a6 13. a3 Bd6 14. f4 Bc7 15.
Rad1 Qb7 16. Bf3 d6 17. a4 Rad8 18. Qc2 Rc8 19. Rd2 Bb8 20. Qb1 Qc7 21. Rc1 Bb7
22. b3 Nd7 23. g3 Rfd8 24. Bg2 Nf6 25. h3 Rd7 26. Rcd1 Rcd8 27. Qd3 Bc6 28. Qe2
Ba7 29. Kh2 Ne8 30. Qf2 Rb8 31. Qe2 Rdd8 32. Qf2 Rdc8 33. f5 Rb7 34. Bd4 Bb8
35. Rc2 Qe7 36. Re1 Qd8 37. Rf1 e5 38. Be3 b5 39. cxb5 axb5 40. Rfc1 bxa4 41.
bxa4 Bc7 42. Bf1 Ra8 43. Bb5 Bxb5 44. Nxb5 Qd7 45. Rc4 Bd8 46. Qc2 g6 47. fxg6
hxg6 48. Rc8 Ra6 49. Qc4 Kg7 50. Rc2 Nf6 51. Nc3 Ra5 52. Qc6 Qxc6 53. Rxc6 d5
54. exd5 Nxd5 55. Nxd5 Rxd5 56. R6c5 Rxc5 57. Bxc5 e4 58. Bd4+ Bf6 59. Bxf6+
Kxf6 60. a5 Ra7 61. Ra2 Ra6 62. Kg2 Ke5 63. Kf2 g5 64. g4 Kf4 65. Ra4 f6 66.
Ra2 f5 67. gxf5 Kxf5 68. Ra4 Kf4 69. Ra3 Ke5 70. Ra4 Kf5 71. Ra2 Kf4 72. Ra3
Ke5 1/2-1/2

[Event "Titled Tuesday intern op 4th Dec"]
[Site "Chess.com INT"]
[Date "2018.12.04"]
[Round "8"]
[White "Kashlinskaya, Alina"]
[Black "Kosteniuk, Alexandra"]
[Result "1-0"]
[WhiteElo "2492"]
[BlackElo "2547"]
[PlyCount "85"]
[EventDate "2018.12.04"]
[EventType "swiss (blitz)"]
[EventRounds "10"]
[EventCountry "USA"]
[SourceTitle "EXT 2021"]
[Source "ChessBase"]
[SourceDate "2020.10.23"]
[SourceVersion "1"]
[SourceVersionDate "2020.10.23"]
[SourceQuality "1"]

1. d4 Nf6 2. c4 e6 3. Nc3 Bb4 4. e3 b6 5. Nge2 Bb7 6. a3 Be7 7. d5 e5 8. Ng3 g6
9. Bd3 d6 10. O-O O-O 11. f4 exf4 12. exf4 a5 13. f5 Nbd7 14. Bh6 Re8 15. fxg6
hxg6 16. Bf4 Ne5 17. Bxe5 dxe5 18. Qf3 Rf8 19. Rae1 Qd6 20. Kh1 Rae8 21. Nb5
Qd7 22. Rxe5 c6 23. Nc3 cxd5 24. cxd5 Bd8 25. Bb5 Rxe5 26. Bxd7 Nxd7 27. Nge4
Rf5 28. Qd1 Rxf1+ 29. Qxf1 Kg7 30. Qb5 Nf6 31. Nxf6 Bxf6 32. Qxb6 Re8 33. Qf2
Re5 34. Qd2 Rf5 35. Kg1 Bd8 36. h3 Bb6+ 37. Kh2 Rf2 38. Qe1 Bc7+ 39. Kg1 Rxb2
40. Qe7 Bb6+ 41. Kh2 Bd4 42. Qc7 Kf6 43. Qf4+ 1-0

[Event "Moscow-ch rapid"]
[Site "Moscow"]
[Date "2018.12.08"]
[Round "1"]
[White "Vlasov, Sergey"]
[Black "Kosteniuk, Alexandra"]
[Result "1-0"]
[WhiteElo "2229"]
[BlackElo "2537"]
[PlyCount "145"]
[EventDate "2018.12.08"]
[EventType "swiss (rapid)"]
[EventRounds "11"]
[EventCountry "RUS"]
[SourceTitle "CBM 187 Extra"]
[Source "ChessBase"]
[SourceDate "2018.11.04"]
[SourceVersion "1"]
[SourceVersionDate "2018.11.04"]
[SourceQuality "1"]

1. e4 c5 2. Nf3 Nc6 3. Bb5 g6 4. Bxc6 bxc6 5. Qe2 Bg7 6. c4 e5 7. d3 Ne7 8. Nc3
d6 9. h3 O-O 10. g4 d5 11. Bd2 Rb8 12. b3 h6 13. Na4 Qd6 14. Qe3 d4 15. Qe2 f5
16. gxf5 gxf5 17. O-O-O fxe4 18. dxe4 Ng6 19. Rdg1 Nf4 20. Bxf4 Rxf4 21. Rg3
Rb7 22. Nb2 a5 23. Nd3 a4 24. Kc2 axb3+ 25. axb3 Ra7 26. Rb1 Kh7 27. Kb2 Qb8
28. Kc1 Rff7 29. Nh4 Qd6 30. Qh5 Rf6 31. Kb2 Qd8 32. Ra1 Rxa1 33. Kxa1 Qa5+ 34.
Kb1 Qc3 35. Qd1 Qa5 36. Qh5 Be6 37. Nf5 Bxf5 38. exf5 Qa3 39. Qg4 Qxb3+ 40. Nb2
Qb7 41. Kc2 Qf7 42. Rf3 Rd6 43. Qe4 Bf6 44. Rg3 Rd8 45. Rg6 Rg8 46. Rxg8 Kxg8
47. Qxc6 Be7 48. Qe4 Bd6 49. Kd3 Kf8 50. Qa8+ Kg7 51. Qg2+ Kh7 52. Qe4 Kg7 53.
Qg2+ Kf6 54. Qc6 Qe7 55. Ke4 Kf7 56. Nd3 Qh4+ 57. f4 Qxh3 58. Qd7+ Kg8 59. Qe6+
Kh8 60. Qf6+ Kh7 61. Qg6+ Kh8 62. Qxd6 Qe3+ 63. Kd5 Qxd3 64. Qf6+ Kh7 65. Qg6+
Kh8 66. Qxh6+ Kg8 67. Qg6+ Kh8 68. fxe5 Qf3+ 69. Kxc5 d3 70. f6 Qe3+ 71. Kd5
Qf3+ 72. Kd6 Qb7 73. Qxd3 1-0

[Event "Moscow-ch rapid"]
[Site "Moscow"]
[Date "2018.12.08"]
[Round "2"]
[White "Kosteniuk, Alexandra"]
[Black "Gorbatov, Alexej"]
[Result "1/2-1/2"]
[WhiteElo "2537"]
[BlackElo "2389"]
[PlyCount "91"]
[EventDate "2018.12.08"]
[EventType "swiss (rapid)"]
[EventRounds "11"]
[EventCountry "RUS"]
[SourceTitle "CBM 187 Extra"]
[Source "ChessBase"]
[SourceDate "2018.11.04"]
[SourceVersion "1"]
[SourceVersionDate "2018.11.04"]
[SourceQuality "1"]

1. e4 c5 2. Nf3 a6 3. d4 cxd4 4. Nxd4 Nf6 5. Nc3 e5 6. Nf3 Bb4 7. Be2 Nxe4 8.
O-O Nxc3 9. bxc3 Bxc3 10. Rb1 e4 11. Rb3 Bf6 12. Qd6 Qe7 13. Qg3 d6 14. Ng5 O-O
15. Bf4 Rd8 16. Re3 Bf5 17. Nxe4 Bxe4 18. f3 d5 19. fxe4 dxe4 20. c3 Nc6 21.
Bf3 Rd3 22. Bxe4 Rxe3 23. Qxe3 Re8 24. Re1 g6 25. Kf1 Qe6 26. Qd3 Ne5 27. Qd5
Nc6 28. Qxe6 Rxe6 29. Bd2 Kg7 30. g3 h5 31. Re2 b5 32. Bd5 Rd6 33. Be4 Ne5 34.
Bf4 Rd1+ 35. Re1 Rxe1+ 36. Kxe1 Nd7 37. Kd2 Nc5 38. Bc2 Ne6 39. Bd6 Bg5+ 40.
Ke2 f5 41. a4 Bf6 42. axb5 axb5 43. Bb4 Nc7 44. Bd3 Be5 45. Ba5 Kf6 46. Bxc7
1/2-1/2

[Event "Moscow-ch rapid"]
[Site "Moscow"]
[Date "2018.12.08"]
[Round "3"]
[White "Naumkin, Igor"]
[Black "Kosteniuk, Alexandra"]
[Result "1/2-1/2"]
[WhiteElo "2410"]
[BlackElo "2537"]
[PlyCount "73"]
[EventDate "2018.12.08"]
[EventType "swiss (rapid)"]
[EventRounds "11"]
[EventCountry "RUS"]
[SourceTitle "CBM 187 Extra"]
[Source "ChessBase"]
[SourceDate "2018.11.04"]
[SourceVersion "1"]
[SourceVersionDate "2018.11.04"]
[SourceQuality "1"]

1. d4 Nf6 2. c4 e6 3. Nf3 c5 4. d5 b5 5. Bg5 b4 6. Nbd2 d6 7. e4 e5 8. h3 Be7
9. Be3 O-O 10. g3 Ne8 11. Bg2 a5 12. O-O Ra6 13. Qe2 f5 14. exf5 Bxf5 15. Nh2
Bg5 16. Ne4 Bxe3 17. Qxe3 Nd7 18. Rae1 Nb6 19. b3 a4 20. f4 axb3 21. axb3 Bxe4
22. Bxe4 exf4 23. Rxf4 Rxf4 24. Qxf4 Qf6 25. Bf5 Ra1 26. Be6+ Kh8 27. Rxa1
Qxa1+ 28. Nf1 Qf6 29. Qxf6 Nxf6 30. Nd2 g6 31. Kf2 Kg7 32. h4 Kf8 33. Ke3 Ke7
34. Kf4 h6 35. g4 Nfd7 36. Bxd7 Nxd7 37. g5 1/2-1/2

[Event "Moscow-ch rapid"]
[Site "Moscow"]
[Date "2018.12.08"]
[Round "4"]
[White "Kosteniuk, Alexandra"]
[Black "Tsvetkov, Andrey1"]
[Result "1-0"]
[WhiteElo "2537"]
[BlackElo "2338"]
[PlyCount "74"]
[EventDate "2018.12.08"]
[EventType "swiss (rapid)"]
[EventRounds "11"]
[EventCountry "RUS"]
[SourceTitle "CBM 187 Extra"]
[Source "ChessBase"]
[SourceDate "2018.11.04"]
[SourceVersion "1"]
[SourceVersionDate "2018.11.04"]
[SourceQuality "1"]

1. e4 c5 2. Nf3 d6 3. Bb5+ Nd7 4. c3 Ngf6 5. Qe2 a6 6. Ba4 b5 7. Bc2 e5 8. a4
Bb7 9. O-O Be7 10. d4 O-O 11. d5 c4 12. Be3 Ng4 13. Na3 Nxe3 14. Qxe3 Qa5 15.
Nd2 Rfc8 16. Qh3 Nf8 17. g3 Qb6 18. Qg4 Rc7 19. Qe2 Nd7 20. Rfb1 Rac8 21. Bd1
Bg5 22. Nf3 Be7 23. axb5 axb5 24. b3 cxb3 25. Nxb5 Rc5 26. Rxb3 Ba6 27. Rab1
Qa5 28. Kg2 Bxb5 29. Rxb5 Qxc3 30. Rb7 R5c7 31. Ba4 Nc5 32. Rxc7 Rxc7 33. Rb8+
Bf8 34. Bc6 Nd3 35. Qa2 Nb4 36. Qa8 h6 37. Rxf8+ Kh7 1-0

[Event "Moscow-ch rapid"]
[Site "Moscow"]
[Date "2018.12.08"]
[Round "5"]
[White "Kosteniuk, Alexandra"]
[Black "Gareyev, Timur"]
[Result "1-0"]
[WhiteElo "2537"]
[BlackElo "2569"]
[PlyCount "61"]
[EventDate "2018.12.08"]
[EventType "swiss (rapid)"]
[EventRounds "11"]
[EventCountry "RUS"]
[SourceTitle "CBM 187 Extra"]
[Source "ChessBase"]
[SourceDate "2018.11.04"]
[SourceVersion "1"]
[SourceVersionDate "2018.11.04"]
[SourceQuality "1"]

1. e4 Nf6 2. e5 Nd5 3. d4 d6 4. Nf3 g6 5. Bc4 c6 6. O-O Bg7 7. h3 O-O 8. Bb3
dxe5 9. dxe5 Na6 10. c3 Nc5 11. Bc2 a5 12. Re1 b6 13. Qd4 Ba6 14. Nbd2 f5 15.
Nf1 e6 16. a3 a4 17. Bg5 Qe8 18. c4 Nc7 19. Qh4 Rf7 20. Rad1 Qf8 21. Rd6 h6 22.
Be3 g5 23. Bxg5 hxg5 24. Nxg5 Bh6 25. Nxf7 Kxf7 26. Bxf5 Kg7 27. Ng3 Ne8 28.
Rxc6 Rb8 29. Bxe6 Bb7 30. Rxb6 Bc8 31. Nf5+ 1-0

[Event "Moscow-ch rapid"]
[Site "Moscow"]
[Date "2018.12.08"]
[Round "6"]
[White "Sychev, Klementy"]
[Black "Kosteniuk, Alexandra"]
[Result "1/2-1/2"]
[WhiteElo "2537"]
[BlackElo "2537"]
[PlyCount "82"]
[EventDate "2018.12.08"]
[EventType "swiss (rapid)"]
[EventRounds "11"]
[EventCountry "RUS"]
[SourceTitle "CBM 187 Extra"]
[Source "ChessBase"]
[SourceDate "2018.11.04"]
[SourceVersion "1"]
[SourceVersionDate "2018.11.04"]
[SourceQuality "1"]

1. e4 e5 2. Nf3 Nc6 3. Bb5 a6 4. Ba4 Nf6 5. O-O Be7 6. d3 b5 7. Bb3 d6 8. a4 b4
9. a5 O-O 10. Nbd2 Be6 11. Nc4 Rb8 12. h3 Nd7 13. Be3 Bf6 14. Re1 d5 15. exd5
Bxd5 16. Ncd2 Bxb3 17. Nxb3 Re8 18. Nfd2 Bg5 19. Qf3 Bxe3 20. Rxe3 Re6 21. Rae1
Rb5 22. Nc4 Nf8 23. g3 h6 24. h4 Rd5 25. Re4 Nh7 26. Ne3 Rb5 27. Nc4 Rd5 28.
R4e2 Nf6 29. Qg2 Qd7 30. Qf3 Re8 31. Kg2 Re6 32. Re3 Re7 33. Kg1 Ng4 34. R3e2
h5 35. Qg2 Re6 36. Kh1 Rg6 37. Kg1 Re6 38. Kh1 Rg6 39. Kg1 Re6 40. Kh1 Rg6 41.
f3 f5 1/2-1/2

[Event "Moscow-ch rapid"]
[Site "Moscow"]
[Date "2018.12.09"]
[Round "7"]
[White "Zakhartsov, Vladimir"]
[Black "Kosteniuk, Alexandra"]
[Result "1/2-1/2"]
[WhiteElo "2486"]
[BlackElo "2537"]
[PlyCount "25"]
[EventDate "2018.12.08"]
[EventType "swiss (rapid)"]
[EventRounds "11"]
[EventCountry "RUS"]
[SourceTitle "CBM 187 Extra"]
[Source "ChessBase"]
[SourceDate "2018.11.04"]
[SourceVersion "1"]
[SourceVersionDate "2018.11.04"]
[SourceQuality "1"]

1. c4 e5 2. Nc3 Nf6 3. Nf3 Nc6 4. e3 Bb4 5. Qc2 Bxc3 6. Qxc3 Qe7 7. d3 O-O 8.
Be2 d5 9. cxd5 Nxd5 10. Qc2 Ndb4 11. Qc3 Nd5 12. Qc2 Ndb4 13. Qc3 1/2-1/2

[Event "Moscow-ch rapid"]
[Site "Moscow"]
[Date "2018.12.09"]
[Round "8"]
[White "Kosteniuk, Alexandra"]
[Black "Shinkevich, Vitaly"]
[Result "0-1"]
[WhiteElo "2537"]
[BlackElo "2439"]
[PlyCount "104"]
[EventDate "2018.12.08"]
[EventType "swiss (rapid)"]
[EventRounds "11"]
[EventCountry "RUS"]
[SourceTitle "CBM 187 Extra"]
[Source "ChessBase"]
[SourceDate "2018.11.04"]
[SourceVersion "1"]
[SourceVersionDate "2018.11.04"]
[SourceQuality "1"]

1. e4 e5 2. Nf3 Nc6 3. Bc4 Bc5 4. d3 Nf6 5. Bg5 h6 6. Bh4 d6 7. c3 Qe7 8. O-O
a6 9. a4 Ba7 10. Nbd2 g5 11. Bg3 h5 12. h4 g4 13. Ne1 Be6 14. Nc2 O-O-O 15. Qe2
d5 16. Ba2 dxe4 17. Bxe6+ Qxe6 18. Nxe4 Nd5 19. Rfe1 Rhe8 20. d4 exd4 21. Qd3
Qg6 22. Rad1 dxc3 23. Qc4 Nb6 24. Rxd8+ Rxd8 25. Qxc3 Nxa4 26. Qa3 Nb6 27. Nb4
Nxb4 28. Qxb4 Nd5 29. Qc4 Qc6 30. Qf1 Qb5 31. Qxb5 axb5 32. Ra1 Bd4 33. Ng5
Bxb2 34. Rb1 Bd4 35. Rxb5 c6 36. Ra5 Re8 37. Nxf7 Kd7 38. Ra4 Re1+ 39. Kh2 Rd1
40. Nd6 b5 41. Ra8 Bxf2 42. Bxf2 Kxd6 43. Rh8 Rd2 44. Rh6+ Kd7 45. Bc5 b4 46.
Rxh5 b3 47. Rh7+ Ke6 48. Rb7 Rd3 49. h5 Nf4 50. g3 Nxh5 51. Bf2 Nf6 52. Rb6 Kd5
0-1

[Event "Moscow-ch rapid"]
[Site "Moscow"]
[Date "2018.12.09"]
[Round "9"]
[White "Lavrov, Maxim"]
[Black "Kosteniuk, Alexandra"]
[Result "1/2-1/2"]
[WhiteElo "2387"]
[BlackElo "2537"]
[PlyCount "106"]
[EventDate "2018.12.08"]
[EventType "swiss (rapid)"]
[EventRounds "11"]
[EventCountry "RUS"]
[SourceTitle "CBM 187 Extra"]
[Source "ChessBase"]
[SourceDate "2018.11.04"]
[SourceVersion "1"]
[SourceVersionDate "2018.11.04"]
[SourceQuality "1"]

1. e4 c5 2. c3 g6 3. d4 d5 4. exd5 Qxd5 5. Nf3 Bg4 6. Be2 Nc6 7. c4 Qd7 8. d5
Bxf3 9. Bxf3 Nd4 10. O-O Bg7 11. Nc3 Nf6 12. Be3 Nxf3+ 13. Qxf3 Rc8 14. Rad1
O-O 15. Rfe1 b6 16. Bf4 Nh5 17. Bg5 Rce8 18. Re2 h6 19. Bc1 Kh7 20. Rde1 e5 21.
dxe6 fxe6 22. Qg4 Rf5 23. Rd1 Qf7 24. Ne4 Rf8 25. Be3 Qc7 26. g3 Rd8 27. Rxd8
Qxd8 28. Rd2 Qe7 29. Qd1 Rf7 30. b3 Nf6 31. Nxf6+ Qxf6 32. a4 Qf5 33. Qc2 Qxc2
34. Rxc2 Bd4 35. Bxd4 cxd4 36. Re2 Rf3 37. Rxe6 Rxb3 38. Re7+ Kg8 39. Rxa7 Rb4
40. Rb7 d3 41. Rd7 Rxc4 42. Rxd3 Rxa4 43. Rd6 Kg7 44. Rxb6 h5 45. h3 Ra2 46.
Kg2 Rc2 47. g4 hxg4 48. hxg4 g5 49. Kg3 Rc3+ 50. f3 Ra3 51. Rb5 Kg6 52. Rb6+
Kg7 53. Rb5 Kg6 1/2-1/2

[Event "Wch Rapid (Women)"]
[Site "St Petersburg"]
[Date "2018.12.26"]
[Round "1"]
[White "Kosteniuk, Alexandra"]
[Black "Khomeriki, Nino"]
[Result "1-0"]
[WhiteElo "2537"]
[BlackElo "2347"]
[PlyCount "189"]
[EventDate "2018.12.26"]
[EventType "swiss (rapid)"]
[EventRounds "12"]
[EventCountry "RUS"]
[SourceTitle "CBM 187 Extra"]
[Source "ChessBase"]
[SourceDate "2018.11.04"]
[SourceVersion "1"]
[SourceVersionDate "2018.11.04"]
[SourceQuality "1"]

1. e4 e5 2. Nf3 Nc6 3. Bc4 Nf6 4. d3 Be7 5. O-O O-O 6. Re1 d6 7. a4 Kh8 8. h3
h6 9. Nc3 Nh7 10. Nd5 f5 11. a5 a6 12. c3 Bf6 13. exf5 Bxf5 14. Nd2 Ne7 15.
Nxf6 Nxf6 16. Nf1 Qd7 17. Ng3 Bg6 18. f4 Rad8 19. fxe5 dxe5 20. Rxe5 Nc6 21.
Re3 Nd5 22. Re1 Rde8 23. Bd2 Ne5 24. Qa4 b5 25. axb6 Qxa4 26. Rxa4 Nxb6 27.
Rxa6 Bxd3 28. Bxd3 Nxd3 29. Rxe8 Rxe8 30. b3 Nc5 31. Ra3 Kh7 32. c4 Nd3 33. Ra7
Nc5 34. Rxc7 Nxb3 35. Bc3 Kg8 36. Rxg7+ Kf8 37. Rb7 Re6 38. c5 Nxc5 39. Bb4
Nba4 40. Nf5 Kg8 41. Rg7+ Kh8 42. Ra7 h5 43. Kh2 Ra6 44. Rc7 Ne6 45. Rc4 Kh7
46. Kg3 Nb2 47. Re4 Nd3 48. Bc3 Ndc5 49. Rc4 Ra4 50. Rxa4 Nxa4 51. Bd2 Nac5 52.
Kh4 Ne4 53. Bc1 Kg6 54. Ne7+ Kf7 55. Nd5 Kg6 56. g3 Nd6 57. Ne7+ Kf7 58. Nc6
Nf5+ 59. Kxh5 Nxg3+ 60. Kg4 Ne4 61. Ne5+ Kg7 62. Kf5 Nf2 63. Kxe6 Nxh3 64. Be3
Kf8 65. Kf5 Ke7 66. Kg4 Ke6 67. Nf3 Kd5 68. Nd2 Ke5 69. Kxh3 Kf5 70. Kg3 Ke5
71. Kf3 Kf5 72. Bf4 Ke6 73. Ke4 Kf6 74. Nc4 Ke6 75. Be5 Kd7 76. Kd5 Kc8 77. Kd6
Kb7 78. Bf4 Ka8 79. Kc6 Ka7 80. Nb6 Ka6 81. Bb8 Ka5 82. Nd5 Ka4 83. Kc5 Kb3 84.
Nb4 Kc3 85. Bf4 Kb3 86. Be5 Ka4 87. Kc4 Ka5 88. Bc7+ Ka4 89. Nd3 Ka3 90. Bd8
Ka2 91. Kc3 Kb1 92. Kb3 Ka1 93. Nb2 Kb1 94. Bg5 Ka1 95. Nc4 1-0

[Event "Wch Rapid (Women)"]
[Site "St Petersburg"]
[Date "2018.12.26"]
[Round "2"]
[White "Michna, Marta"]
[Black "Kosteniuk, Alexandra"]
[Result "0-1"]
[WhiteElo "2333"]
[BlackElo "2537"]
[PlyCount "60"]
[EventDate "2018.12.26"]
[EventType "swiss (rapid)"]
[EventRounds "12"]
[EventCountry "RUS"]
[SourceTitle "CBM 187 Extra"]
[Source "ChessBase"]
[SourceDate "2018.11.04"]
[SourceVersion "1"]
[SourceVersionDate "2018.11.04"]
[SourceQuality "1"]

1. d4 Nf6 2. c3 e6 3. Bf4 c5 4. e3 Nc6 5. Nd2 d5 6. Ngf3 Bd6 7. Bg3 O-O 8. Bd3
b6 9. Ne5 Bb7 10. O-O Rc8 11. f4 Ne7 12. Qf3 Nf5 13. Bf2 Be7 14. Qh3 Nd6 15.
Rad1 Nfe4 16. dxc5 Rxc5 17. c4 Qc8 18. cxd5 Bxd5 19. Nxe4 Bxe4 20. Bxe4 Nxe4
21. Bh4 Bxh4 22. Qxh4 Rc2 23. f5 exf5 24. Nxf7 Qc5 25. Rf3 Rc1 26. Rxc1 Qxc1+
27. Rf1 Qxe3+ 28. Kh1 Rxf7 29. g4 Qd3 30. Qe1 fxg4 0-1

[Event "Wch Rapid (Women)"]
[Site "St Petersburg"]
[Date "2018.12.26"]
[Round "3"]
[White "Kosteniuk, Alexandra"]
[Black "Gunina, Valentina"]
[Result "0-1"]
[WhiteElo "2537"]
[BlackElo "2496"]
[PlyCount "60"]
[EventDate "2018.12.26"]
[EventType "swiss (rapid)"]
[EventRounds "12"]
[EventCountry "RUS"]
[SourceTitle "CBM 187 Extra"]
[Source "ChessBase"]
[SourceDate "2018.11.04"]
[SourceVersion "1"]
[SourceVersionDate "2018.11.04"]
[SourceQuality "1"]

1. e4 c6 2. c4 d5 3. exd5 cxd5 4. cxd5 Nf6 5. Nc3 Nxd5 6. Nf3 Nc6 7. Bb5 g6 8.
Qa4 Nb6 9. Bxc6+ bxc6 10. Qxc6+ Bd7 11. Qe4 Bg7 12. O-O Rc8 13. Qe2 O-O 14. d4
Bg4 15. Rd1 Qd7 16. h3 Bxf3 17. Qxf3 Rfd8 18. Bg5 h6 19. Bf4 Qf5 20. g4 Qa5 21.
Qe4 Qb4 22. Rab1 Rxd4 23. Rxd4 Bxd4 24. Be3 Bxc3 25. Qb7 Bd4 26. a3 Qd6 27. Rd1
e5 28. Qxa7 Qf6 29. Qb7 Rd8 30. Qc7 Nd5 0-1

[Event "Wch Rapid (Women)"]
[Site "St Petersburg"]
[Date "2018.12.26"]
[Round "4"]
[White "Khlichkova, Tatiana"]
[Black "Kosteniuk, Alexandra"]
[Result "0-1"]
[WhiteElo "2270"]
[BlackElo "2537"]
[PlyCount "108"]
[EventDate "2018.12.26"]
[EventType "swiss (rapid)"]
[EventRounds "12"]
[EventCountry "RUS"]
[SourceTitle "CBM 187 Extra"]
[Source "ChessBase"]
[SourceDate "2018.11.04"]
[SourceVersion "1"]
[SourceVersionDate "2018.11.04"]
[SourceQuality "1"]

1. d4 Nf6 2. c4 e6 3. g3 d5 4. Nf3 dxc4 5. Bg2 a6 6. O-O Nc6 7. e3 Rb8 8. Qe2
b5 9. b3 cxb3 10. axb3 Be7 11. Ba3 O-O 12. Rc1 Bxa3 13. Nxa3 Rb6 14. Ne1 Nb4
15. Nac2 Nbd5 16. Nd3 Re8 17. Qe1 Ne7 18. Ncb4 Nfd5 19. Nc5 Nxb4 20. Qxb4 Nd5
21. Qd2 Nf6 22. Qc3 Nd5 23. Qd2 Rd6 24. Ne4 Rb6 25. Nc5 h5 26. h4 Nf6 27. Qb2
Ng4 28. Nd3 Qd6 29. Rc5 e5 30. Nxe5 Nxe5 31. Rxe5 Rxe5 32. dxe5 Qe7 33. Rd1 c5
34. Qd2 Be6 35. Be4 g6 36. Bd5 Bg4 37. f3 Be6 38. Qa5 Qa7 39. Bxe6 Rxe6 40.
Qd8+ Kg7 41. Rd7 Qb6 42. Qg5 Qc6 43. Re7 Rxe7 44. Qxe7 Qxf3 45. Qxc5 Qxg3+ 46.
Kf1 Qxh4 47. Qd6 Qh3+ 48. Ke2 Qe6 49. Qd4 Qg4+ 50. Qxg4 hxg4 51. b4 Kh6 52. e4
Kg5 53. Ke3 g3 54. Kf3 Kh4 0-1